00403nam a2200157Ia 450000500170000000800410001708200130005810000180007124500370008926000500012630000120017665000120018865000140020065000180021465000130023220250613013834.0240331s9999 xx 000 0 und d bRAJa320 aRajapaksha, R 0aRajyaye sadacharathmaka padanama aNugegodabDeepani Printers & Publishersc1991 a64 p ., aEthical aPolitical aPhilosophical aProblems